UM Logo

Contemporary irish poetry and the pastoral tradition / (Record no. 13422)

MARC details
000 -LEADER
fixed length control field 00827nam a22002057a 4500
008 - FIXED-LENGTH DATA ELEMENTS--GENERAL INFORMATION
fixed length control field 190312b ||||| |||| 00| 0 eng d
020 ## - INTERNATIONAL STANDARD BOOK NUMBER
International Standard Book Number 9780826272690
082 ## - DEWEY DECIMAL CLASSIFICATION NUMBER
Edition number 2011
Classification number AV-Eb 821.9209
Item number P857
100 ## - MAIN ENTRY--PERSONAL NAME
Personal name Potts, Donna L.
9 (RLIN) 37547
245 ## - TITLE STATEMENT
Title Contemporary irish poetry and the pastoral tradition /
Statement of responsibility, etc. Donna L. Potts.
260 ## - PUBLICATION, DISTRIBUTION, ETC. (IMPRINT)
Name of publisher, distributor, etc. University of Missouri Press,
Date of publication, distribution, etc. ©2014.
300 ## - PHYSICAL DESCRIPTION
Extent 231 pages;
500 ## - GENERAL NOTE
General note Includes index.
650 ## - SUBJECT ADDED ENTRY--TOPICAL TERM
Topical term or geographic name as entry element Boland, Eavan.
9 (RLIN) 37548
650 ## - SUBJECT ADDED ENTRY--TOPICAL TERM
Topical term or geographic name as entry element English poetry -- Irish authors -- History and criticism.
9 (RLIN) 37549
650 ## - SUBJECT ADDED ENTRY--TOPICAL TERM
Topical term or geographic name as entry element Heaney, Seamus, -- 1939- Longley, Michael, -- 1939- McGuckian, Medbh, -- 1950- Montague, John.
9 (RLIN) 37550
700 ## - ADDED ENTRY--PERSONAL NAME
Personal name Potts, Donna L.
9 (RLIN) 37547
856 ## - ELECTRONIC LOCATION AND ACCESS
Link text https://ebookcentral.proquest.com/lib/uniofmindanao-ebooks/detail.action?docID=3440764
942 ## - ADDED ENTRY ELEMENTS (KOHA)
Source of classification or shelving scheme Dewey Decimal Classification
Koha item type Ebooks
Holdings
Withdrawn status Lost status Source of classification or shelving scheme Damaged status Not for loan Home library Current library Shelving location Date acquired Source of acquisition Total Checkouts Full call number Barcode Date last seen Copy number Price effective from Koha item type
    Dewey Decimal Classification     UM Digos College - LIC UM Digos College - LIC Processing Center 03/12/2019 Downloaded   AV-CD 821.9209 P857 Eb068 03/12/2019 1 03/12/2019 Ebooks